[Event "Canadian op"]
[Site "Edmonton"]
[Date "2011.07.16"]
[Round "6.89"]
[White "Reichert, Wayne"]
[Black "Taylor, James"]
[Result "1-0"]
[WhiteElo "1146"]
[BlackElo "1570"]
[PlyCount "88"]
[EventDate "2009.07.11"]
[EventType "swiss"]
[EventRounds "9"]
[EventCountry "CAN"]
[SourceTitle "EXT 2022"]
[Source "ChessBase"]
[SourceDate "2021.10.06"]
[SourceVersion "1"]
[SourceVersionDate "2021.10.06"]
[SourceQuality "1"]

1. e4 g6 2. d4 d6 3. h3 Bg7 4. Nf3 c6 5. c4 Nd7 6. Nc3 Ngf6 7. Bd3 0-0 8. Bf4 b6 9. 0-0 Bb7 10. Re1 Re8 11. e5 Nh5 12. Be3 dxe5 13. Qc2 exd4 14. Nxd4 e5 15. Nf3 Nhf6 16. Bg5 Qc7 17. Bh4 Nh5 18. g4 Nf4 19. Bf1 a6 20. Bg3 c5 21. Nh4 Qc6 22. f3 Ne6 23. Bg2 Nd4 24. Qf2 Qf6 25. Nd5 Bxd5 26. cxd5 g5 27. Nf5 Nxf5 28. gxf5 Qxf5 29. d6 Rad8 30. Re2 Re6 31. Qe3 h6 32. Rd1 Qf6 33. Qa3 Nb8 34. Qc3 Nc6 35. Bf2 Rdxd6 36. Rxd6 Rxd6 37. Qc2 Nd4 38. Bxd4 exd4 39. Qe4 Bf8 40. Qa8 a5 41. Re8 Kg7 42. Rxf8 Kg6 43. f4 d3 44. Rg8+ Kh7 1-0

[Event "Canadian op"]
[Site "Edmonton"]
[Date "2005.07.16"]
[Round "9"]
[White "Palcic, Branko"]
[Black "Reichert, Wayne"]
[Result "1-0"]
[WhiteElo "1433"]
[BlackElo "1275"]
[PlyCount "33"]
[EventDate "2005.07.09"]
[EventType "swiss"]
[EventRounds "10"]
[EventCountry "CAN"]
[SourceTitle "CBM 107 Extra"]
[Source "ChessBase"]
[SourceDate "2005.09.01"]
[SourceVersion "1"]
[SourceVersionDate "2005.09.01"]
[SourceQuality "1"]

1. e4 c5 2. f4 d6 3. Nf3 Nc6 4. Bc4 e6 5. 0-0 Nf6 6. Nc3 Be7 7. d4 cxd4 8. Nxd4 a6 9. Be3 Bd7 10. Qf3 0-0 11. Nxc6 Bxc6 12. Rae1 b5 13. Bd3 Re8 14. Qh3 Bf8 15. e5 dxe5 16. fxe5 Nd7 17. Qxh7# 1-0

[Event "Canadian op"]
[Site "Edmonton"]
[Date "2005.07.11"]
[Round "4"]
[White "Escandor, Manuel Omana"]
[Black "Reichert, Wayne"]
[Result "1-0"]
[WhiteElo "1787"]
[BlackElo "1275"]
[PlyCount "43"]
[EventDate "2005.07.09"]
[EventType "swiss"]
[EventRounds "10"]
[EventCountry "CAN"]
[SourceTitle "CBM 107 Extra"]
[Source "ChessBase"]
[SourceDate "2005.09.01"]
[SourceVersion "1"]
[SourceVersionDate "2005.09.01"]
[SourceQuality "1"]

1. e4 c5 2. Nc3 e6 3. Bc4 d6 4. Nge2 Nf6 5. a3 Nc6 6. 0-0 Be7 7. Kh1 a6 8. Ng3 Ne5 9. Ba2 b5 10. d4 cxd4 11. Qxd4 Nc6 12. Qd1 0-0 13. f4 Qc7 14. Be3 Bb7 15. Nh5 g6 16. Ng3 Rad8 17. Nce2 Rfe8 18. f5 Bf8 19. fxg6 Bg7 20. Nh5 Qe7 21. Bg5 h6 22. Bxf6 1-0

[Event "University of Alberta op"]
[Site "Edmonton"]
[Date "2005.05.08"]
[Round "5"]
[White "Reichert, Wayne"]
[Black "O'Brien, Sandy"]
[Result "1-0"]
[WhiteElo "1271"]
[BlackElo "1559"]
[PlyCount "79"]
[EventDate "2005.05.07"]
[EventType "swiss"]
[EventRounds "5"]
[EventCountry "CAN"]
[SourceTitle "CBM 106 Extra"]
[Source "ChessBase"]
[SourceDate "2005.07.01"]
[SourceVersion "1"]
[SourceVersionDate "2005.07.01"]
[SourceQuality "1"]

1. d4 Nf6 2. c4 e6 3. Nf3 d5 4. Bg5 Be7 5. a3 0-0 6. Nc3 c6 7. e3 h6 8. Bh4 Re8 9. Bd3 c5 10. Qc2 cxd4 11. exd4 Nbd7 12. 0-0 Qc7 13. Bg3 Bd6 14. Nb5 Qc6 15. Nxd6 Re7 16. c5 a6 17. Nxc8 Rxc8 18. Bd6 Ree8 19. b4 Nb8 20. Ne5 Qd7 21. Nxd7 Nbxd7 22. Rfe1 Ra8 23. f3 Rac8 24. Qe2 Rc6 25. Bg3 Ra8 26. Bf2 Nh5 27. g3 Nhf6 28. h4 b5 29. g4 Ra7 30. Qd2 Ra8 31. a4 Re8 32. axb5 axb5 33. Bxb5 Rc7 34. c6 Nb8 35. Rac1 Rec8 36. Bg3 Re7 37. Bxb8 Rxb8 38. Bd3 Rc7 39. b5 Ne8 40. Qb4 1-0

[Event "University of Alberta op"]
[Site "Edmonton"]
[Date "2005.05.07"]
[Round "1"]
[White "Miller, Chris"]
[Black "Reichert, Wayne"]
[Result "1-0"]
[WhiteElo "1493"]
[BlackElo "1271"]
[PlyCount "73"]
[EventDate "2005.05.07"]
[EventType "swiss"]
[EventRounds "5"]
[EventCountry "CAN"]
[SourceTitle "CBM 106 Extra"]
[Source "ChessBase"]
[SourceDate "2005.07.01"]
[SourceVersion "1"]
[SourceVersionDate "2005.07.01"]
[SourceQuality "1"]

1. e4 c5 2. Nf3 d6 3. d4 cxd4 4. Nxd4 Nf6 5. Nc3 e6 6. Bc4 a6 7. a4 Bd7 8. Be3 Be7 9. Qe2 Nc6 10. f4 0-0 11. 0-0-0 e5 12. fxe5 Nxe5 13. Ba2 Qc7 14. Nd5 Nxd5 15. Bxd5 Bg4 16. Nf3 Kh8 17. h3 Bh5 18. g4 Bg6 19. Nxe5 dxe5 20. h4 h6 21. h5 Bh7 22. Rhf1 f6 23. Qc4 Qxc4 24. Bxc4 Bxe4 25. Rd7 Rae8 26. Rfd1 Bc6 27. R7d2 Bxa4 28. Bd5 Bc6 29. Bxc6 bxc6 30. Rd7 Rf7 31. Ra7 c5 32. Bxc5 Kg8 33. Bxe7 Rexe7 34. Rxa6 Rb7 35. Rd8+ Kh7 36. Raa8 g5 37. Rh8+ 1-0